La nausée

Uloženo v:
Podrobná bibliografie
Hlavní autor: Sartre, Jean Paul
Médium: Kniha
Jazyk:Undetermined
Vydáno: París, Francia Gallimard 1938
Témata:
Tagy: Přidat tag
Žádné tagy, Buďte první, kdo vytvoří štítek k tomuto záznamu!

MARC

LEADER 00000nam a2200000Ia 4500
008 170316s9999 xx 000 0 und d
040 |a cru BVZT 
090 |a 840 S-10n 
100 |a Sartre, Jean Paul 
245 |a La nausée 
260 |a París, Francia 
260 |b Gallimard 
260 |c 1938 
300 |a 247 páginas 
650 |a LITERATURA FRANCESA 
999 |c 7970  |d 7970 
942 |c 15 D  |h 840 S-10n  |2 z